Význam a pestovanie konopy siatej Cannabis sativa L. pre energetické účely na Slovensku metodická príručka

Gespeichert in:
Bibliographische Detailangaben
1. Verfasser: Porvaz, Pavol
Weitere Verfasser: Tóth, Štefan, Stričík, Michal, 1969-, Hecl, Ján, Polák, Matej
Format: Buch
Sprache:Slowakisch
Veröffentlicht: Michalovce Výskumný ústav agroekológie Michalovce CVRV Piešťany 2011
Schlagworte:
Tags: Tag hinzufügen
Keine Tags, Fügen Sie das erste Tag hinzu!

MARC

LEADER 00000nam a2200000 4500
001 0149728
005 20240502072707.9
020 |a 978-80-89417-36-0 
041 0 |a slo 
044 |a SK 
245 1 0 |a Význam a pestovanie konopy siatej Cannabis sativa L. pre energetické účely na Slovensku  |b metodická príručka  |c Pavol Porvaz, Štefan Tóth, Michal Stričík 
264 1 |a Michalovce  |b Výskumný ústav agroekológie Michalovce CVRV Piešťany  |c 2011 
300 |a 33 s. 
610 2 0 |a energetika 
610 2 0 |a výroba rastlinná 
610 2 0 |a biomasa 
610 2 0 |a agrotechnika 
610 2 0 |a konopa siata 
100 1 |a Porvaz, Pavol 
700 1 |a Tóth, Štefan 
700 1 |a Stričík, Michal, 1969- 
700 1 |a Hecl, Ján 
700 1 |a Polák, Matej